[Event "Koege Lang Jubilaeum Weekend Grp2 2022"]
[Site "Koge"]
[Date "2022.07.06"]
[Round "1"]
[White "Refsgaard, Kaj"]
[Black "Saravana, Vedant Kumar"]
[Result "0-1"]
[WhiteElo "1703"]
[BlackElo "1868"]
[PlyCount "36"]
[EventDate "2022.07.06"]
[EventType "tourn"]
[EventRounds "9"]
[EventCountry "DEN"]

1. d4 d5 2. Nf3 Nf6 3. Bf4 e6 4. e3 c5 5. c3 Nc6 6. Bd3 Bd6 7. Bg3 O-O 8. Nbd2
Re8 9. Rc1 b6 10. Bb1 Ba6 11. Qc2 cxd4 12. Nxd4 Nxd4 13. exd4 e5 14. Qa4 exd4+
15. Kd1 Be2+ 16. Kc2 d3+ 17. Kb3 Ne4 18. Nf3 Nc5+ 0-1

[Event "Koege Lang Jubilaeum Weekend Grp2 2022"]
[Site "Koge"]
[Date "2022.07.06"]
[Round "1"]
[White "Petrovski, Petruli"]
[Black "Leonhardsen, Vebjorn Maanum"]
[Result "0-1"]
[WhiteElo "1826"]
[BlackElo "1881"]
[PlyCount "100"]
[EventDate "2022.07.06"]
[EventType "tourn"]
[EventRounds "9"]
[EventCountry "DEN"]

1. e4 c6 2. c4 d5 3. exd5 cxd5 4. cxd5 Nf6 5. Nc3 Nxd5 6. Nf3 Nc6 7. Bb5 Nxc3
8. bxc3 Bd7 9. O-O e6 10. d4 Be7 11. Bd3 O-O 12. Re1 Bf6 13. Bf4 Ne7 14. Ne5
Ng6 15. Bg3 Bxe5 16. Bxe5 Nxe5 17. Rxe5 Bc6 18. Qh5 g6 19. Qh6 Qf6 20. Rae1
Rad8 21. h4 Rd5 22. h5 Rfd8 23. hxg6 hxg6 24. R1e3 Rxe5 25. dxe5 Qg7 26. Qf4
Rd5 27. c4 Rd8 28. Qg5 Rd4 29. Rh3 Rd7 30. Qe3 a6 31. Rg3 Qf8 32. c5 Qd8 33.
Rh3 Qf8 34. Qg5 Qg7 35. Bc2 Bb5 36. a4 Bc4 37. Rh6 Bd3 38. Bb3 Bf5 39. f4 Qf8
40. Kh2 Rd2 41. Rh4 Be4 42. Rg4 Qg7 43. Rg3 Qh7+ 44. Kg1 Qg7 45. Qe7 Qf8 46.
Qc7 Qd8 47. Qb6 Qd4+ 48. Kh2 Bc6 49. Qc7 Qxf4 50. Bxe6 Rxg2+ 0-1

[Event "Koege Lang Jubilaeum Weekend Grp2 2022"]
[Site "Koge"]
[Date "2022.07.06"]
[Round "1"]
[White "Jankevicius, Nedas"]
[Black "Kush, Bhagat"]
[Result "1/2-1/2"]
[WhiteElo "1874"]
[BlackElo "1813"]
[PlyCount "124"]
[EventDate "2022.07.06"]
[EventType "tourn"]
[EventRounds "9"]
[EventCountry "DEN"]

1. e4 c5 2. Nc3 e6 3. f4 d5 4. Nf3 dxe4 5. Nxe4 Nf6 6. Nxf6+ Qxf6 7. g3 Bd6 8.
Bg2 O-O 9. O-O Nc6 10. d3 e5 11. fxe5 Nxe5 12. Nd2 Qd8 13. Ne4 Be7 14. Bd2 Bg4
15. Qe1 Nc6 16. Be3 Nd4 17. Qf2 f5 18. Nc3 Rb8 19. Nd5 Bd6 20. Bxd4 cxd4 21.
Qxd4 Rc8 22. Qf2 Re8 23. Rae1 Qa5 24. c3 Qxa2 25. h3 Bh5 26. Qxf5 Bg6 27. Qd7
Qa6 28. Ne7+ Bxe7 29. Rxe7 Red8 30. Qxb7 Qxd3 31. Qxa7 Qxg3 32. Qe3 Qd6 33. Qe5
Qxe5 34. Rxe5 Rd2 35. Rf2 Rd1+ 36. Kh2 h6 37. Bd5+ Kh8 38. c4 Rb8 39. Rg2 Kh7
40. Be4 Bxe4 41. Rxe4 Rb7 42. Rc2 Rb1 43. Ree2 Rc7 44. c5 Ra1 45. b4 Rb1 46.
Rb2 Rf1 47. Rec2 Rf5 48. b5 Rcxc5 49. Rxc5 Rxc5 50. b6 Rc8 51. b7 Rb8 52. Rb6
g5 53. Kg3 h5 54. Kf3 g4+ 55. hxg4 hxg4+ 56. Kxg4 Kg7 57. Kf5 Kf7 58. Ke5 Ke7
59. Rh6 Kd7 60. Kd5 Kc7 61. Kc5 Rxb7 62. Rh7+ Kb8 1/2-1/2

[Event "Koege Lang Jubilaeum Weekend Grp2 2022"]
[Site "Koge"]
[Date "2022.07.06"]
[Round "1"]
[White "Steenstrup, Svend"]
[Black "Mortensen, Henrik"]
[Result "1-0"]
[WhiteElo "1925"]
[BlackElo "1884"]
[PlyCount "65"]
[EventDate "2022.07.06"]
[EventType "tourn"]
[EventRounds "9"]
[EventCountry "DEN"]

1. d4 Nf6 2. c4 c5 3. d5 e6 4. Nc3 exd5 5. cxd5 d6 6. e4 a6 7. a4 g6 8. h3 Bg7
9. Nf3 O-O 10. Be3 Re8 11. Bd3 Nbd7 12. O-O Ne5 13. Nxe5 Rxe5 14. f4 Re8 15.
Qf3 Qc7 16. a5 Nd7 17. Rfc1 b5 18. b4 c4 19. Bb1 Qd8 20. Ra2 Bb7 21. Rd2 Rc8
22. Qf2 Qe7 23. Bd4 Bh6 24. Re1 Nf6 25. Rde2 Qd8 26. Qf3 Nd7 27. g4 g5 28. e5
dxe5 29. fxe5 Bg7 30. Qf5 Nf8 31. Be4 Qe7 32. d6 Bxe4 33. dxe7 1-0

[Event "Koege Lang Jubilaeum Weekend Grp2 2022"]
[Site "Koge"]
[Date "2022.07.06"]
[Round "1"]
[White "Gottschalck, Christian"]
[Black "Loveid, Erik"]
[Result "1/2-1/2"]
[WhiteElo "1693"]
[BlackElo "1883"]
[PlyCount "69"]
[EventDate "2022.07.06"]
[EventType "tourn"]
[EventRounds "9"]
[EventCountry "DEN"]

1. d4 d5 2. Bf4 c5 3. e3 Nc6 4. Nf3 Nf6 5. c3 Qb6 6. Qb3 c4 7. Qxb6 axb6 8.
Nbd2 Bf5 9. h3 h6 10. Be2 e6 11. O-O Be7 12. Ne5 O-O 13. g4 Bh7 14. g5 hxg5 15.
Bxg5 Rfe8 16. f3 Nxe5 17. dxe5 Nd7 18. Bxe7 Rxe7 19. f4 Nc5 20. Nf3 Na4 21. Nd4
Nxb2 22. a4 Be4 23. Ra2 Nd3 24. Rfa1 Nc5 25. Bd1 Bd3 26. a5 Rxa5 27. Rxa5 bxa5
28. Rxa5 Ne4 29. Nb5 Ng3 30. Kf2 Nf5 31. Ra7 Kh7 32. Ba4 b6 33. Ra8 Rb7 34. Nd6
Rc7 35. Nb5 1/2-1/2

[Event "Koege Lang Jubilaeum Weekend Grp2 2022"]
[Site "Koge"]
[Date "2022.07.06"]
[Round "2"]
[White "Refsgaard, Kaj"]
[Black "Petrovski, Petruli"]
[Result "0-1"]
[WhiteElo "1703"]
[BlackElo "1826"]
[PlyCount "52"]
[EventDate "2022.07.06"]
[EventType "tourn"]
[EventRounds "9"]
[EventCountry "DEN"]

1. d4 Nf6 2. Nf3 g6 3. g3 Bg7 4. Bg2 O-O 5. O-O d6 6. c4 Nbd7 7. Nc3 c6 8. e4
e5 9. d5 Nc5 10. Re1 Re8 11. Bg5 h6 12. Bc1 a5 13. Qc2 Qc7 14. Be3 Na6 15. Rac1
Ng4 16. Bd2 Bd7 17. h3 Nf6 18. Be3 Rac8 19. Qd2 Kh7 20. a3 c5 21. a4 Nb4 22.
Nb5 Bxb5 23. axb5 Nxe4 24. Qe2 Nf6 25. Bd2 e4 26. Nh2 Nd3 0-1

[Event "Koege Lang Jubilaeum Weekend Grp2 2022"]
[Site "Koge"]
[Date "2022.07.06"]
[Round "2"]
[White "Leonhardsen, Vebjorn Maanum"]
[Black "Jankevicius, Nedas"]
[Result "1/2-1/2"]
[WhiteElo "1881"]
[BlackElo "1874"]
[PlyCount "41"]
[EventDate "2022.07.06"]
[EventType "tourn"]
[EventRounds "9"]
[EventCountry "DEN"]

1. Nf3 Nf6 2. c4 g6 3. b3 Bg7 4. Bb2 O-O 5. e3 d6 6. d4 Nfd7 7. Be2 e5 8. O-O
Nc6 9. Nc3 f5 10. dxe5 Ncxe5 11. Qc2 g5 12. Nd4 Nb8 13. Nf3 g4 14. Nxe5 dxe5
15. Rfd1 Nd7 16. e4 c6 17. exf5 Qh4 18. g3 Qh5 19. h4 Nf6 20. Bd3 Ne8 21. Re1
1/2-1/2

[Event "Koege Lang Jubilaeum Weekend Grp2 2022"]
[Site "Koge"]
[Date "2022.07.06"]
[Round "2"]
[White "Kush, Bhagat"]
[Black "Steenstrup, Svend"]
[Result "1-0"]
[WhiteElo "1813"]
[BlackElo "1925"]
[PlyCount "95"]
[EventDate "2022.07.06"]
[EventType "tourn"]
[EventRounds "9"]
[EventCountry "DEN"]

1. d4 d5 2. Bf4 Nf6 3. e3 c5 4. c3 Nc6 5. Nd2 e6 6. Ngf3 cxd4 7. exd4 Nh5 8.
Bg5 f6 9. Be3 Bd6 10. g3 g6 11. c4 Qe7 12. Bg2 dxc4 13. Nxc4 Bb4+ 14. Nfd2 Bd7
15. a3 Bxd2+ 16. Nxd2 Rd8 17. O-O O-O 18. d5 Ne5 19. Ne4 exd5 20. Bc5 Qe6 21.
Ng5 Qg4 22. Bxd5+ Kh8 23. Bxf8 fxg5 24. Bd6 Nc6 25. Bxc6 bxc6 26. Be5+ Kg8 27.
Qxg4 Bxg4 28. f3 Be6 29. Rad1 Bd5 30. Rd4 Re8 31. Re1 Nf6 32. Rdd1 Nd7 33. Bc3
Rf8 34. Re7 Rf7 35. Rxf7 Kxf7 36. Kf2 h5 37. b4 a6 38. a4 Nb6 39. Bd4 Nc4 40.
Bc3 Nd6 41. Ke3 Nf5+ 42. Kf2 Nd6 43. Rb1 Bc4 44. Bd4 Bd3 45. Rc1 Nc4 46. Rc3
Nb2 47. Ra3 Nd1+ 48. Ke1 1-0

[Event "Koege Lang Jubilaeum Weekend Grp2 2022"]
[Site "Koge"]
[Date "2022.07.06"]
[Round "2"]
[White "Mortensen, Henrik"]
[Black "Gottschalck, Christian"]
[Result "1/2-1/2"]
[WhiteElo "1884"]
[BlackElo "1693"]
[PlyCount "56"]
[EventDate "2022.07.06"]
[EventType "tourn"]
[EventRounds "9"]
[EventCountry "DEN"]

1. d4 d5 2. Nc3 Nf6 3. Bg5 Bf5 4. f3 c6 5. Nh3 Nbd7 6. g4 Bg6 7. Nf4 e5 8. Nxg6
hxg6 9. e3 Bd6 10. Qe2 Qc7 11. O-O-O O-O-O 12. h4 Rde8 13. Qd3 Nh7 14. Bg2 f6
15. Qxg6 Reg8 16. dxe5 Nxe5 17. Qf5+ Kb8 18. f4 g6 19. fxe5 gxf5 20. exd6 Qd7
21. Bf4 Nf8 22. Bxd5 cxd5 23. Nxd5 Nh7 24. g5 fxg5 25. hxg5 Ka8 26. Nc7+ Kb8
27. Nd5 Ka8 28. Nc7+ Kb8 1/2-1/2

[Event "Koege Lang Jubilaeum Weekend Grp2 2022"]
[Site "Koge"]
[Date "2022.07.06"]
[Round "2"]
[White "Saravana, Vedant Kumar"]
[Black "Loveid, Erik"]
[Result "1/2-1/2"]
[WhiteElo "1868"]
[BlackElo "1883"]
[PlyCount "44"]
[EventDate "2022.07.06"]
[EventType "tourn"]
[EventRounds "9"]
[EventCountry "DEN"]

1. e4 c6 2. d4 d5 3. Nc3 dxe4 4. Nxe4 Nf6 5. Nxf6+ exf6 6. c3 Bd6 7. Bd3 O-O 8.
Qc2 Re8+ 9. Ne2 h5 10. O-O h4 11. h3 Nd7 12. Be3 Nf8 13. Qd2 Ne6 14. c4 Bf8 15.
d5 cxd5 16. cxd5 Ng5 17. Nf4 Bd6 18. Rfe1 Bd7 19. Rac1 Ne4 20. Qd1 f5 21. Ne2
Qf6 22. Bd4 Qg5 1/2-1/2

[Event "Koege Lang Jubilaeum Weekend Grp2 2022"]
[Site "Koge"]
[Date "2022.07.07"]
[Round "3"]
[White "Jankevicius, Nedas"]
[Black "Refsgaard, Kaj"]
[Result "1-0"]
[WhiteElo "1874"]
[BlackElo "1703"]
[PlyCount "57"]
[EventDate "2022.07.06"]
[EventType "tourn"]
[EventRounds "9"]
[EventCountry "DEN"]

1. e4 c5 2. Nc3 Nc6 3. f4 d6 4. Nf3 Nf6 5. Bc4 a6 6. a4 Bg4 7. h3 Bxf3 8. Qxf3
e5 9. d3 Be7 10. f5 Nd4 11. Qf2 O-O 12. O-O Nh5 13. g3 Bg5 14. Nd5 Nxg3 15. c3
Nde2+ 16. Kg2 Nxf1 17. Qxe2 Bxc1 18. Kxf1 Bg5 19. Qg4 f6 20. Nc7+ Kh8 21. Ne6
Qe7 22. Nxf8 Rxf8 23. Ra3 Rb8 24. Rb3 Qd7 25. h4 Bh6 26. a5 Qd8 27. Rb6 Qd7 28.
Qd1 Rc8 29. Be6 1-0

[Event "Koege Lang Jubilaeum Weekend Grp2 2022"]
[Site "Koge"]
[Date "2022.07.07"]
[Round "3"]
[White "Petrovski, Petruli"]
[Black "Saravana, Vedant Kumar"]
[Result "0-1"]
[WhiteElo "1826"]
[BlackElo "1868"]
[PlyCount "126"]
[EventDate "2022.07.06"]
[EventType "tourn"]
[EventRounds "9"]
[EventCountry "DEN"]

1. Nf3 d5 2. g3 Nf6 3. Bg2 c5 4. c4 d4 5. O-O Nc6 6. d3 e6 7. Na3 a6 8. e3 dxe3
9. Bxe3 e5 10. Qe2 Bd6 11. Nc2 O-O 12. h3 Re8 13. Nd2 Bf5 14. Ne4 Nxe4 15. dxe4
Be6 16. b3 Nd4 17. Qd2 Qc7 18. Ne1 b5 19. cxb5 axb5 20. Bxd4 exd4 21. Nf3 f6
22. Rac1 Qa5 23. Qd3 Qxa2 24. e5 Be7 25. Ra1 Qxa1 26. Rxa1 Rxa1+ 27. Kh2 Ra3
28. Qxb5 Bf7 29. e6 Bg6 30. Nh4 Kf8 31. Nxg6+ hxg6 32. Qd3 f5 33. g4 Bd6+ 34.
Kg1 Rxe6 35. gxf5 Ra1+ 36. Bf1 Ree1 37. fxg6 Rxf1+ 38. Kg2 Rg1+ 39. Kf3 Rg5 40.
h4 Rh1 41. Qc4 Rxg6 42. Qd5 Rxh4 43. Qa8+ Kf7 44. Qb7+ Kg8 45. Qc8+ Kh7 46. Ke2
Rf6 47. Qb7 Re6+ 48. Kf1 d3 49. Qd5 Rf6 50. Qxd3+ Kh8 51. Qd5 g6 52. Qa8+ Kg7
53. Qb7+ Rf7 54. Qd5 Rd4 55. Qc6 Rd2 56. f3 Rd3 57. Ke2 Rfxf3 58. Qd7+ Kh6 59.
Qc8 Rfe3+ 60. Kf2 Bg3+ 61. Kg2 Rd2+ 62. Kh3 Rh2+ 63. Kg4 Rh4# 0-1

[Event "Koege Lang Jubilaeum Weekend Grp2 2022"]
[Site "Koge"]
[Date "2022.07.07"]
[Round "3"]
[White "Steenstrup, Svend"]
[Black "Leonhardsen, Vebjorn Maanum"]
[Result "1/2-1/2"]
[WhiteElo "1925"]
[BlackElo "1881"]
[PlyCount "73"]
[EventDate "2022.07.06"]
[EventType "tourn"]
[EventRounds "9"]
[EventCountry "DEN"]

1. d4 d5 2. c4 c6 3. Nf3 Nf6 4. Qb3 dxc4 5. Qxc4 Bf5 6. Nc3 e6 7. Nh4 Be7 8.
Nxf5 exf5 9. Qd3 Qd7 10. g3 O-O 11. h4 Na6 12. a3 Nc7 13. Bh3 g6 14. h5 c5 15.
hxg6 fxg6 16. Qc4+ Qe6 17. d5 Nfxd5 18. Nxd5 Qxd5 19. Qxd5+ Nxd5 20. e4 Nc7 21.
exf5 gxf5 22. Bg2 Bf6 23. Rh5 Bg7 24. Bh3 Rae8+ 25. Kf1 b6 26. Bxf5 h6 27. g4
Rf6 28. Bd2 Ne6 29. Re1 Kf7 30. b4 Nd4 31. Be4 Nf3 32. Bd5+ Kf8 33. Rxe8+ Kxe8
34. Bc3 Nd4 35. bxc5 bxc5 36. Bc4 Bf8 37. Bxd4 1/2-1/2

[Event "Koege Lang Jubilaeum Weekend Grp2 2022"]
[Site "Koge"]
[Date "2022.07.07"]
[Round "3"]
[White "Gottschalck, Christian"]
[Black "Kush, Bhagat"]
[Result "0-1"]
[WhiteElo "1693"]
[BlackElo "1813"]
[PlyCount "56"]
[EventDate "2022.07.06"]
[EventType "tourn"]
[EventRounds "9"]
[EventCountry "DEN"]

1. d4 Nf6 2. Bf4 d5 3. e3 c5 4. c3 Nc6 5. Nd2 Qb6 6. b3 Bf5 7. Ngf3 h6 8. Be2
e6 9. h3 cxd4 10. exd4 Ba3 11. O-O O-O 12. g4 Bh7 13. g5 hxg5 14. Nxg5 Bf5 15.
Ndf3 Bb2 16. Qd2 Bxa1 17. Rxa1 Ne4 18. Qe3 f6 19. Nxe4 Bxe4 20. Bd6 Rfe8 21.
Nd2 Bf5 22. Bc5 Qc7 23. f4 Qd7 24. Kh2 b6 25. Ba3 e5 26. fxe5 fxe5 27. dxe5
Rxe5 28. Qf3 Rae8 0-1

[Event "Koege Lang Jubilaeum Weekend Grp2 2022"]
[Site "Koge"]
[Date "2022.07.07"]
[Round "3"]
[White "Loveid, Erik"]
[Black "Mortensen, Henrik"]
[Result "0-1"]
[WhiteElo "1883"]
[BlackElo "1884"]
[PlyCount "60"]
[EventDate "2022.07.06"]
[EventType "tourn"]
[EventRounds "9"]
[EventCountry "DEN"]

1. c4 c5 2. Nf3 Nc6 3. Nc3 e5 4. d3 g6 5. g3 Bg7 6. Bg2 Nge7 7. O-O O-O 8. Be3
d6 9. Qc1 Nf5 10. Bg5 f6 11. Bd2 Be6 12. Nd5 Rb8 13. Re1 Qd7 14. Bc3 b5 15. b3
b4 16. Bd2 Bxd5 17. cxd5 Ncd4 18. Nxd4 Nxd4 19. e3 Nb5 20. Qc4 f5 21. e4 f4 22.
f3 Nd4 23. g4 Qe7 24. Bc1 h5 25. h3 hxg4 26. hxg4 Qh4 27. Kf1 Qg3 28. Bb2 Nxf3
29. Re2 Nh2+ 30. Kg1 f3 0-1

[Event "Koege Lang Jubilaeum Weekend Grp2 2022"]
[Site "Koge"]
[Date "2022.07.07"]
[Round "4"]
[White "Petrovski, Petruli"]
[Black "Jankevicius, Nedas"]
[Result "0-1"]
[WhiteElo "1826"]
[BlackElo "1874"]
[PlyCount "100"]
[EventDate "2022.07.06"]
[EventType "tourn"]
[EventRounds "9"]
[EventCountry "DEN"]

1. Nf3 Nf6 2. d4 g6 3. b3 Bg7 4. Bb2 O-O 5. e3 d6 6. Bd3 Nc6 7. a3 Nd7 8. Nc3
e5 9. dxe5 Ndxe5 10. Be2 Nxf3+ 11. Bxf3 Ne5 12. Qe2 Qf6 13. O-O-O Nxf3 14. gxf3
b6 15. Na4 Qf5 16. Bxg7 Kxg7 17. e4 Qe5 18. Kb1 Bb7 19. Qd2 f5 20. f4 Qf6 21.
e5 dxe5 22. fxe5 Qxe5 23. Rhe1 Qf6 24. Qf4 Rf7 25. h4 Rd8 26. Rxd8 Qxd8 27. Re6
Qd5 28. Qe3 Qh1+ 29. Kb2 Qxh4 30. Nc3 a6 31. Ne2 f4 32. Qd4+ Kh6 33. Nc3 Qg5
34. a4 Qf5 35. Re1 Qf6 36. Qd3 Kg7 37. Ka2 h5 38. Qh3 Re7 39. Rg1 Kh6 40. Qd3
Qf5 41. Qd2 Rd7 42. Qc1 h4 43. Ne2 g5 44. Qb2 Kh7 45. Re1 Re7 46. Nd4 Qf6 47.
Rxe7+ Qxe7 48. Nf5 Qf7 49. Qe5 h3 50. Ne7 h2 0-1

[Event "Koege Lang Jubilaeum Weekend Grp2 2022"]
[Site "Koge"]
[Date "2022.07.07"]
[Round "4"]
[White "Leonhardsen, Vebjorn Maanum"]
[Black "Gottschalck, Christian"]
[Result "1/2-1/2"]
[WhiteElo "1881"]
[BlackElo "1693"]
[PlyCount "36"]
[EventDate "2022.07.06"]
[EventType "tourn"]
[EventRounds "9"]
[EventCountry "DEN"]

1. d4 d5 2. Nf3 Nf6 3. c4 e6 4. Nc3 Be7 5. Bg5 O-O 6. e3 b6 7. cxd5 exd5 8. Bd3
Bb7 9. O-O Nbd7 10. Qc2 h6 11. Bh4 Ne4 12. Bxe7 Qxe7 13. Qb3 c6 14. a4 Rab8 15.
Qc2 f5 16. Qe2 Rf6 17. Nd2 Re8 18. Nf3 Qe6 1/2-1/2

[Event "Koege Lang Jubilaeum Weekend Grp2 2022"]
[Site "Koge"]
[Date "2022.07.07"]
[Round "4"]
[White "Kush, Bhagat"]
[Black "Loveid, Erik"]
[Result "1/2-1/2"]
[WhiteElo "1813"]
[BlackElo "1883"]
[PlyCount "42"]
[EventDate "2022.07.06"]
[EventType "tourn"]
[EventRounds "9"]
[EventCountry "DEN"]

1. d4 Nf6 2. Bf4 g6 3. e3 Bg7 4. Nf3 d6 5. Be2 O-O 6. h3 b6 7. O-O Bb7 8. c4
Nbd7 9. Nc3 Re8 10. Bh2 e6 11. Rc1 a6 12. b4 Qe7 13. Re1 e5 14. a3 a5 15. Nb5
Rec8 16. c5 dxc5 17. Nxe5 Nxe5 18. Bxe5 axb4 19. axb4 cxd4 20. Qxd4 Ne8 21.
Bxg7 Nxg7 1/2-1/2

[Event "Koege Lang Jubilaeum Weekend Grp2 2022"]
[Site "Koge"]
[Date "2022.07.07"]
[Round "4"]
[White "Saravana, Vedant Kumar"]
[Black "Mortensen, Henrik"]
[Result "1/2-1/2"]
[WhiteElo "1868"]
[BlackElo "1884"]
[PlyCount "41"]
[EventDate "2022.07.06"]
[EventType "tourn"]
[EventRounds "9"]
[EventCountry "DEN"]

1. e4 c5 2. Nf3 Nc6 3. Bb5 g6 4. Bxc6 dxc6 5. d3 Bg7 6. Nc3 e5 7. Be3 b6 8. O-O
Ne7 9. h3 O-O 10. Qd2 f6 11. a4 a5 12. Rfe1 Be6 13. Bh6 Qd7 14. Bxg7 Kxg7 15.
Qe3 Rae8 16. Nd2 Qc7 17. Nf3 Qd7 18. Ne2 Rd8 19. Rad1 Rfe8 20. Nc1 Bf7 21. Ne2
1/2-1/2

[Event "Koege Lang Jubilaeum Weekend Grp2 2022"]
[Site "Koge"]
[Date "2022.07.08"]
[Round "5"]
[White "Gottschalck, Christian"]
[Black "Refsgaard, Kaj"]
[Result "1-0"]
[WhiteElo "1693"]
[BlackElo "1703"]
[PlyCount "65"]
[EventDate "2022.07.06"]
[EventType "tourn"]
[EventRounds "9"]
[EventCountry "DEN"]

1. e4 c5 2. Nf3 Nc6 3. d4 cxd4 4. Nxd4 Nf6 5. Nc3 d6 6. Be2 g6 7. Be3 Bg7 8.
O-O O-O 9. Nb3 a6 10. f4 Qd7 11. h3 b5 12. Bf3 Bb7 13. a3 Rad8 14. Nd5 e6 15.
Nxf6+ Bxf6 16. Bb6 Rc8 17. e5 Be7 18. Nc5 Qe8 19. exd6 Bd8 20. Bxd8 Qxd8 21.
Nxb7 Qb6+ 22. Kh1 Qxb7 23. Qd2 Qd7 24. Rad1 e5 25. Bxc6 Rxc6 26. fxe5 Re8 27.
Rfe1 Rc5 28. c3 Rcxe5 29. Rxe5 Rxe5 30. Qf2 Re6 31. Qb6 a5 32. Qc7 Qe8 33. d7
1-0

[Event "Koege Lang Jubilaeum Weekend Grp2 2022"]
[Site "Koge"]
[Date "2022.07.08"]
[Round "5"]
[White "Steenstrup, Svend"]
[Black "Petrovski, Petruli"]
[Result "1-0"]
[WhiteElo "1925"]
[BlackElo "1826"]
[PlyCount "47"]
[EventDate "2022.07.06"]
[EventType "tourn"]
[EventRounds "9"]
[EventCountry "DEN"]

1. d4 Nf6 2. c4 e6 3. Nf3 c5 4. g3 d5 5. cxd5 exd5 6. Bg2 Nc6 7. O-O Be7 8. Nc3
O-O 9. Bf4 Be6 10. Rc1 cxd4 11. Nxd4 a6 12. Nxe6 fxe6 13. Qb3 Na5 14. Qc2 Bd6
15. Rfd1 Bxf4 16. gxf4 Qe7 17. f5 exf5 18. Qxf5 Kh8 19. e3 Ne4 20. Nxd5 Nd6 21.
Qxh7+ Kxh7 22. Nxe7 Rf7 23. Rxd6 Rxe7 24. Rc5 1-0

[Event "Koege Lang Jubilaeum Weekend Grp2 2022"]
[Site "Koge"]
[Date "2022.07.08"]
[Round "5"]
[White "Jankevicius, Nedas"]
[Black "Saravana, Vedant Kumar"]
[Result "1/2-1/2"]
[WhiteElo "1874"]
[BlackElo "1868"]
[PlyCount "77"]
[EventDate "2022.07.06"]
[EventType "tourn"]
[EventRounds "9"]
[EventCountry "DEN"]

1. e4 e5 2. Nc3 Nc6 3. Bc4 Nf6 4. d3 Bc5 5. f4 d6 6. Nf3 Bg4 7. Na4 Bb6 8. h3
Ba5+ 9. c3 Bxf3 10. Qxf3 Nd4 11. Qf2 b5 12. b4 Bxb4 13. Bxb5+ Nxb5 14. cxb4 Qd7
15. O-O O-O 16. Bb2 Rfe8 17. Qg3 Nd4 18. Bxd4 exd4 19. Nb2 Qb5 20. Rae1 Nd7 21.
Nc4 f6 22. a3 d5 23. exd5 Qxd5 24. Rxe8+ Rxe8 25. Re1 Rxe1+ 26. Qxe1 Kf7 27.
Kf2 Nb6 28. Nxb6 axb6 29. Qe4 Qa2+ 30. Kg3 Qxa3 31. Qxd4 Qc1 32. Qd5+ Kf8 33.
Qd8+ Kf7 34. Qd5+ Kf8 35. f5 Qe3+ 36. Kh2 Qf4+ 37. Kg1 Qc1+ 38. Kf2 Qf4+ 39.
Kg1 1/2-1/2

[Event "Koege Lang Jubilaeum Weekend Grp2 2022"]
[Site "Koge"]
[Date "2022.07.08"]
[Round "5"]
[White "Loveid, Erik"]
[Black "Leonhardsen, Vebjorn Maanum"]
[Result "1/2-1/2"]
[WhiteElo "1883"]
[BlackElo "1881"]
[PlyCount "32"]
[EventDate "2022.07.06"]
[EventType "tourn"]
[EventRounds "9"]
[EventCountry "DEN"]

1. d4 d5 2. c4 c6 3. Nc3 e6 4. cxd5 exd5 5. Qc2 g6 6. e3 Bf5 7. Bd3 Bxd3 8.
Qxd3 Bg7 9. Nge2 Nf6 10. Nf4 O-O 11. O-O Na6 12. Qb1 Nc7 13. b3 Qd7 14. Ba3
Rfe8 15. Qd3 Ne6 16. Nxe6 Qxe6 1/2-1/2

[Event "Koege Lang Jubilaeum Weekend Grp2 2022"]
[Site "Koge"]
[Date "2022.07.08"]
[Round "5"]
[White "Mortensen, Henrik"]
[Black "Kush, Bhagat"]
[Result "0-1"]
[WhiteElo "1884"]
[BlackElo "1813"]
[PlyCount "84"]
[EventDate "2022.07.06"]
[EventType "tourn"]
[EventRounds "9"]
[EventCountry "DEN"]

1. e4 c5 2. Ne2 d6 3. c4 Nf6 4. Nbc3 g6 5. d4 cxd4 6. Nxd4 Bg7 7. f3 O-O 8. Be3
Nc6 9. Qd2 Bd7 10. Nc2 Qa5 11. Be2 Rfc8 12. O-O a6 13. Rfc1 Rab8 14. Rab1 Ne5
15. Na3 Be6 16. Nd5 Qxd2 17. Bxd2 Kf8 18. Be3 Nxd5 19. cxd5 Bd7 20. h3 f5 21.
b3 b5 22. Nc2 Rc3 23. Bd2 Rcc8 24. Nb4 a5 25. Na6 Rb7 26. Rxc8+ Bxc8 27. Rc1
Bd7 28. Rc7 Rxc7 29. Nxc7 fxe4 30. fxe4 b4 31. Be3 Nf7 32. Bb6 a4 33. Ne6+ Bxe6
34. dxe6 axb3 35. axb3 Ng5 36. Ba5 Bd4+ 37. Kf1 Bc5 38. Bd3 Nxe6 39. Bc4 Nd4
40. Ke1 e6 41. Kd2 Ke7 42. Kd3 Nc6 0-1

[Event "Koege Lang Jubilaeum Weekend Grp2 2022"]
[Site "Koge"]
[Date "2022.07.08"]
[Round "6"]
[White "Refsgaard, Kaj"]
[Black "Loveid, Erik"]
[Result "1/2-1/2"]
[WhiteElo "1703"]
[BlackElo "1883"]
[PlyCount "168"]
[EventDate "2022.07.06"]
[EventType "tourn"]
[EventRounds "9"]
[EventCountry "DEN"]

1. Nf3 d5 2. d4 Nf6 3. Bf4 c5 4. c3 Nc6 5. e3 Qb6 6. Qc2 c4 7. Nbd2 Bg4 8. Be2
e6 9. O-O Bf5 10. Qc1 h6 11. b3 cxb3 12. axb3 a6 13. c4 Be7 14. c5 Qd8 15. Qc3
Nh5 16. Bg3 Nxg3 17. hxg3 O-O 18. b4 Na7 19. Bd3 Bxd3 20. Qxd3 Bf6 21. e4 dxe4
22. Nxe4 Nb5 23. Nxf6+ Qxf6 24. d5 exd5 25. Qxd5 Rab8 26. Qe5 Qc6 27. Nd4 Nxd4
28. Qxd4 Rbd8 29. Qc3 Rd5 30. Rad1 Rfd8 31. Rxd5 Qxd5 32. Qf3 Qxf3 33. gxf3 Rd3
34. Re1 Kf8 35. Rb1 Rxf3 36. b5 axb5 37. Rxb5 Rf5 38. Rxb7 Rxc5 39. Kg2 g6 40.
Ra7 Kg7 41. Ra6 g5 42. Rd6 Rf5 43. g4 Rf4 44. f3 h5 45. gxh5 Rh4 46. Kg3 Rxh5
47. Kg4 Rh1 48. Kxg5 Rb1 49. Rc6 Rb5+ 50. Kg4 f6 51. Rc7+ Kg6 52. Rc6 Rb1 53.
Rd6 Rg1+ 54. Kf4 Rg5 55. Rc6 Rb5 56. Rd6 Rb4+ 57. Kg3 Kg5 58. Rd5+ f5 59. Rc5
Rb6 60. Rd5 Kf6 61. Kf4 Kg6 62. Rc5 Rb4+ 63. Kg3 Kg5 64. Rd5 Rb1 65. Rc5 Rg1+
66. Kf2 Rb1 67. Kg3 Rb6 68. Rd5 Rb3 69. Rc5 Rb4 70. Ra5 Rb6 71. Rc5 Kg6 72. Kf4
Rb4+ 73. Kg3 Rb6 74. Ra5 Rc6 75. Rb5 Ra6 76. Rc5 Rb6 77. Ra5 Rc6 78. Rb5 Ra6
79. Rc5 Rb6 80. Ra5 Rc6 81. Rb5 Ra6 82. Rc5 Rb6 83. Ra5 Rc6 84. Rb5 Ra6 1/2-1/2

[Event "Koege Lang Jubilaeum Weekend Grp2 2022"]
[Site "Koge"]
[Date "2022.07.08"]
[Round "6"]
[White "Petrovski, Petruli"]
[Black "Gottschalck, Christian"]
[Result "1-0"]
[WhiteElo "1826"]
[BlackElo "1693"]
[PlyCount "75"]
[EventDate "2022.07.06"]
[EventType "tourn"]
[EventRounds "9"]
[EventCountry "DEN"]

1. e4 e6 2. d4 d5 3. Nd2 dxe4 4. Nxe4 Nf6 5. Nxf6+ Qxf6 6. Nf3 Qd8 7. Bd3 Be7
8. O-O Nd7 9. Re1 Nf6 10. h3 h6 11. b3 Bb4 12. Bd2 Bxd2 13. Qxd2 O-O 14. c4 b6
15. Rad1 Bb7 16. Ne5 Qd6 17. Qc2 Rad8 18. Re3 c5 19. dxc5 Qxc5 20. Rde1 Rd6 21.
Qe2 Qc8 22. Rg3 Nd7 23. Qg4 g5 24. Qh5 Kg7 25. Rxg5+ Kf6 26. Qxh6+ Ke7 27. Qh4
Nxe5 28. Rgxe5+ Kd7 29. Bf1 Rh8 30. Qf4 Qg8 31. Rg5 Qh7 32. b4 Rg8 33. Rxg8
Qxg8 34. c5 bxc5 35. bxc5 Rd5 36. Qa4+ Kc8 37. c6 Ba8 38. Qxa7 1-0

[Event "Koege Lang Jubilaeum Weekend Grp2 2022"]
[Site "Koge"]
[Date "2022.07.08"]
[Round "6"]
[White "Jankevicius, Nedas"]
[Black "Steenstrup, Svend"]
[Result "0-1"]
[WhiteElo "1874"]
[BlackElo "1925"]
[PlyCount "98"]
[EventDate "2022.07.06"]
[EventType "tourn"]
[EventRounds "9"]
[EventCountry "DEN"]

1. e4 g6 2. d4 Nf6 3. Nc3 d5 4. f3 Nc6 5. e5 Nh5 6. Be3 f6 7. f4 Be6 8. Na4 b6
9. Bb5 Qd7 10. c4 a6 11. Bxc6 Qxc6 12. c5 b5 13. Nc3 Bh6 14. Qf3 O-O 15. g4 Ng7
16. Qh3 Nh5 17. f5 Bxe3 18. Qxe3 fxe5 19. Qxe5 Bxf5 20. gxh5 b4 21. Nxd5 Rf7
22. Nf3 Rd8 23. O-O Rxd5 24. Qe3 Bh3 25. Rf2 Rdf5 26. Ne5 Rxf2 27. Qxf2 Rxf2
28. Nxc6 Rg2+ 29. Kh1 Rxb2 30. d5 Kf8 31. Re1 Bg2+ 32. Kg1 Bxd5 33. Nxe7 Bxa2
34. hxg6 hxg6 35. Nxg6+ Kg7 36. Nf4 Kf6 37. h4 Kf5 38. Nd3 Rb3 39. Nc1 Ra3 40.
Re7 c6 41. Rb7 a5 42. Kf2 Bd5 43. Ke2 Ke4 44. h5 Kd4 45. h6 Rh3 46. Ra7 Rh2+
47. Kd1 Bf3+ 48. Ke1 Ke3 49. Re7+ Be4 0-1